Geografía económica de Colombia / (Registro nro. 6227)
[ vista simple ]
| 000 -LEADER | |
|---|---|
| fixed length control field | 01306nam a2200277Ia 4500 |
| 003 - CONTROL NUMBER IDENTIFIER | |
| control field | OSt |
| 005 - DATE AND TIME OF LATEST TRANSACTION | |
| control field | 20200924002016.0 |
| 008 - FIXED-LENGTH DATA ELEMENTS--GENERAL INFORMATION | |
| fixed length control field | 191128m19351946ck aodbfr 000 0 spa d |
| 040 ## - CATALOGING SOURCE | |
| Original cataloging agency | CO-JMCR |
| Transcribing agency | CO-JMCR |
| 041 0# - LANGUAGE CODE | |
| Language code of text/sound track or separate title | spa |
| 082 04 - DEWEY DECIMAL CLASSIFICATION NUMBER | |
| Classification number | 918.61 / |
| Item number | C718g |
| Edition number | 23 |
| 110 2# - MAIN ENTRY--CORPORATE NAME | |
| Corporate name or jurisdiction name as entry element | Colombia. |
| Subordinate unit | Contraloría General de la República |
| 9 (RLIN) | 6721 |
| 245 10 - TITLE STATEMENT | |
| Title | Geografía económica de Colombia / |
| Statement of responsibility, etc. | Contraloría General de la República |
| 260 ## - PUBLICATION, DISTRIBUTION, ETC. | |
| Place of publication, distribution, etc. | [Bogotá] : |
| Name of publisher, distributor, etc. | Contraloria General de la República, |
| Date of publication, distribution, etc. | 1935 |
| 300 ## - PHYSICAL DESCRIPTION | |
| Extent | 7 volúmenes : |
| Other physical details | ilustraciones, gráficos, mapas a blanco y negro ; |
| Dimensions | 22 cm. |
| 505 2# - FORMATTED CONTENTS NOTE | |
| Miscellaneous information | V.1 |
| Title | Antioquia |
| Miscellaneous information | V.2 |
| Title | Atlántico |
| Miscellaneous information | V.3 |
| Title | Boyacá |
| Miscellaneous information | V.4 |
| Title | Caldas |
| Miscellaneous information | V.5 |
| Title | Bolívar |
| Miscellaneous information | V.7 |
| Title | Tolima |
| 650 14 - SUBJECT ADDED ENTRY--TOPICAL TERM | |
| Topical term or geographic name entry element | Geografía económica |
| General subdivision | condiciones económicas |
| Geographic subdivision | Colombia |
| 9 (RLIN) | 10663 |
| 650 14 - SUBJECT ADDED ENTRY--TOPICAL TERM | |
| Topical term or geographic name entry element | Generalidades |
| General subdivision | orografía y topografía |
| 9 (RLIN) | 10664 |
| 651 #4 - SUBJECT ADDED ENTRY--GEOGRAPHIC NAME | |
| Geographic name | Antioquia |
| General subdivision | geografía física |
| Form subdivision | condiciones económicas |
| 9 (RLIN) | 10665 |
| 651 #4 - SUBJECT ADDED ENTRY--GEOGRAPHIC NAME | |
| Geographic name | Atlántico |
| General subdivision | geografía física |
| Form subdivision | condiciones económicas |
| 9 (RLIN) | 10666 |
| 651 #4 - SUBJECT ADDED ENTRY--GEOGRAPHIC NAME | |
| Geographic name | Boyacá |
| General subdivision | geografía física |
| Form subdivision | condiciones económicas |
| 9 (RLIN) | 10667 |
| 651 #4 - SUBJECT ADDED ENTRY--GEOGRAPHIC NAME | |
| Geographic name | Caldas |
| General subdivision | geografía física |
| Form subdivision | condiciones económicas |
| 9 (RLIN) | 10668 |
| 651 #4 - SUBJECT ADDED ENTRY--GEOGRAPHIC NAME | |
| Geographic name | Bolívar |
| General subdivision | geografía física |
| Form subdivision | condiciones económicas |
| 9 (RLIN) | 10669 |
| 651 #4 - SUBJECT ADDED ENTRY--GEOGRAPHIC NAME | |
| Geographic name | Tolima |
| General subdivision | geografía física |
| Form subdivision | condiciones económicas |
| 9 (RLIN) | 10670 |
| 942 ## - ADDED ENTRY ELEMENTS (KOHA) | |
| Source of classification or shelving scheme | Dewey Decimal Classification |
| Koha item type | Books |
| Withdrawn status | Lost status | Source of classification or shelving scheme | Damaged status | Not for loan | Collection code | Home library | Current library | Date acquired | Source of acquisition | Full call number | Barcode | Date last seen | Copy number | Koha item type | Total Checkouts | Date last checked out |
|---|---|---|---|---|---|---|---|---|---|---|---|---|---|---|---|---|
| Dewey Decimal Classification | Non-fiction | Biblioteca Pública José María del Castillo y Rada | Biblioteca Pública José María del Castillo y Rada | 04/15/2018 | Donación | 918.61 / C718g | 430012230 | 05/16/2024 | V.1 / Ej.1 | Books | ||||||
| Dewey Decimal Classification | Non-fiction | Biblioteca Pública José María del Castillo y Rada | Biblioteca Pública José María del Castillo y Rada | 04/15/2018 | Donación | 918.61 / C718g1 | 430012231 | 05/16/2024 | V.2 / Ej.1 | Books | ||||||
| Dewey Decimal Classification | Non-fiction | Biblioteca Pública José María del Castillo y Rada | Biblioteca Pública José María del Castillo y Rada | 04/15/2018 | Donación | 918.61 / C718g2 | 430012232 | 05/16/2024 | V.3 / Ej.1 | Books | ||||||
| Dewey Decimal Classification | Non-fiction | Biblioteca Pública José María del Castillo y Rada | Biblioteca Pública José María del Castillo y Rada | 04/15/2018 | Donación | 918.61 / C718g3 | 430012233 | 05/16/2024 | V.4 / Ej.1 | Books | ||||||
| Dewey Decimal Classification | Non-fiction | Biblioteca Pública José María del Castillo y Rada | Biblioteca Pública José María del Castillo y Rada | 04/15/2018 | Donación | 918.61 / C718g4 | 430012238 | 05/16/2024 | V.5 / Ej.1 | Books | ||||||
| Dewey Decimal Classification | Non-fiction | Biblioteca Pública José María del Castillo y Rada | Biblioteca Pública José María del Castillo y Rada | 04/15/2018 | Donación | 918.61 / C718g5 | 430012237 | 11/08/2024 | V.7 / Ej.1 | Books | 1 | 11/07/2024 |